000
00322 a2200145 4500
001
175099
020
_a
040
_c
Magnum
100
_a
Telles, Carlos Queiroz
240
1
0
_a
A historia da pedra grande
_l
por
245
1
0
_a
A historia da pedra grande
362
0
_a
1899
697
_a
IJ/BRUXA, MISTERIO
942
_c
BK
999
_c
175099
_d
175099